Normal view
MARC view
- [compiled by] Belur V. Dasarathy
Entry Personal Name
001 - CONTROL NUMBER
- control field: 96543
003 - CONTROL NUMBER IDENTIFIER
- control field: NUST
005 - DATE AND TIME OF LATEST TRANSACTION
- control field: 20220804135854.0
008 - FIXED-LENGTH DATA ELEMENTS
- fixed length control field: 220804|| aca||aabn | a|a d
040 ## - CATALOGING SOURCE
- Original cataloging agency: NUST
- Transcribing agency: NUST
100 ## - HEADING--PERSONAL NAME
- Personal name: [compiled by] Belur V. Dasarathy
670 ## - SOURCE DATA FOUND
- Source citation: Work cat.: (NUST)175640: [compiled by] Belur V. Dasarathy., Image data compression :, 1995.
